Fem byer lengst unna en større, i hvert nordisk land, med kart - Statistics

General Stats
  • This quiz has been taken 9 times
    7 since last reset
  • The average score is 16 of 23
Answers on the Map
Answers color-coded by a green-red scale on the quiz's map according to % correct below.
 
Answer Stats
Km Befolkning By Nærmeste større % Correct
305 269 k Bergen Oslo
100%
468 42,8 k Bodø Trondheim
100%
399 655 k Göteborg Stockholm
100%
- 1,36 M Helsingfors -
100%
- 1,37 M København -
100%
- 1,08 M Oslo -
100%
- 239 k Reykjavik -
100%
- 1,76 M Stockholm -
100%
324 41,9 k Tromsø Bodø
100%
392 196 k Trondheim Oslo
100%
157 295 k Århus København
80%
242 325 k Malmö Göteborg
80%
3286 19,8 k Nuuk Hjørring
80%
235 17,5 k Kiruna Boden
60%
463 91,9 k Umeå Uppsala
60%
34 21,8 k Keflavik Reykjavik
40%
166 54,9 k Rovaniemi Uleåborg
40%
1061 14,0 k Tórshavn Hjørring
40%
250 19,8 k Akureyri Reykjavik
20%
149 13,7 k Rønne København
20%
162 359 k Tammerfors Helsingfors
20%
401 212 k Uleåborg Tammerfors
20%
180 69,0 k Vasa Björneborg
20%
No matching quizzes found
Score Distribution
Percent of People with Each Score
Percentile by Number Answered
Your Score History
You have not taken this quiz since the last reset